[Event "Bhilwara op"]
[Site "Bhilwara"]
[Date "2024.12.28"]
[Round "8"]
[White "Mehul, Paliwal"]
[Black "Manav, Kumar"]
[Result "0-1"]
[WhiteElo "1599"]
[BlackElo "1753"]
[PlyCount "80"]
[EventDate "2024.12.24"]
[EventType "swiss"]
[EventRounds "9"]
[EventCountry "IND"]
[SourceTitle "CB02_2025"]
[SourceDate "2025.01.08"]
[SourceVersion "1"]
[SourceVersionDate "2025.01.08"]
[SourceQuality "1"]

1. c4 e5 2. Nc3 Nf6 3. g3 Nc6 4. Bg2 Bb4 5. e3 0-0 6. Nge2 d6 7. a3 Bxc3 8. bxc3 Be6 9. d3 d5 10. cxd5 Nxd5 11. e4 Nb6 12. d4 Bc4 13. d5 Na5 14. Be3 c6 15. Bc5 Re8 16. dxc6 bxc6 17. Qxd8 Raxd8 18. Nc1 Na4 19. Bb4 Nb7 20. Rb1 a5 21. Bf3 c5 22. Bd1 Rxd1+ 23. Kxd1 cxb4 24. Kc2 Nxc3 25. Rb2 Na4 26. Rb1 Rc8 27. Kd2 Rd8+ 28. Kc2 b3+ 29. Rxb3 Bxb3+ 30. Nxb3 Nac5 31. Nxc5 Nxc5 32. f3 g6 33. Rb1 Ne6 34. f4 exf4 35. gxf4 Nxf4 36. Rb5 Rd4 37. Rxa5 Rxe4 38. Ra8+ Kg7 39. a4 Re2+ 40. Kb3 Rxh2 0-1